The Tomb of Ramesses VI /
المؤلف الرئيسي:
مؤلفون آخرون: ,
التنسيق: كتاب
اللغة: English
سلاسل:
Egyptian religious texts and representations ;
1.
Bollingen series ;
40/1.
الموضوعات:
الوسوم: إضافة وسم
رقم الطلب: ( R )PJ1551 .E3 v.1/1-2
| LEADER | 01700namaa2200385 4500 | ||
|---|---|---|---|
| 001 | 17407 | ||
| 003 | OSt | ||
| 005 | 20210106094519.0 | ||
| 008 | 130303s1954 nyua g 000 0beng d | ||
| 952 | |0 0 |1 0 |2 lcc |3 V.1/1 |4 0 |7 1 |9 9200 |a ARCE |b ARCE |d 2021-01-06 |l 0 |o ( R )PJ1551 .E3 v.1/1-2 |p 1034991 |r 2021-01-06 00:00:00 |w 2021-01-06 |y BK | ||
| 952 | |0 0 |1 0 |2 lcc |3 V.1/2 |4 0 |7 1 |9 51334 |a ARCE |b ARCE |d 2023-10-26 |l 0 |o ( R )PJ1551 .E3 v.1/1-2 |p 1034992 |r 2023-10-26 00:00:00 |w 2023-10-26 |y BK | ||
| 999 | |c 17584 |d 17584 | ||
| 040 | |c ARCE Library | ||
| 043 | |a f-ua--- | ||
| 050 | 0 | 4 | |a ( R )PJ1551 .E3 v.1/1-2 |
| 100 | |a Piankoff, Alexandre. | ||
| 245 | 0 | 4 | |a The Tomb of Ramesses VI / |c Transl. with introductions by Alexandre Piankoff ; Ed. by N. Rambova. |
| 264 | 1 | |a New York : |b Pantheon Books, |c 1954. | |
| 300 | |a 2 parts : |b illustrations (part color) ; |c 32 cm. | ||
| 336 | |a text |b txt |2 rdacontent | ||
| 337 | |a unmediated |b n |2 rdamedia | ||
| 338 | |a volume |b nc |2 rdacarrier | ||
| 490 | 1 | |a Egyptian religious texts and representations ; |v 1. | |
| 490 | 1 | |a Bollingen series ; |v 40/1. | |
| 500 | |a "This study is based on the work of an expedition sponsored by the Bollingen Foundation ... October, 1949, to June, 1951." | ||
| 505 | 0 | |a pt. 1. Texts, translated with introductions by A. Piankoff ; edited by N. Rambova. --pt. 2. Plates, recorded by N. Rambova ; photographed by L.F. Husson. | |
| 600 | 0 | 0 | |a Ramses |b VI, |c King of Egypt. |
| 650 | 0 | |a Egyptian literature. | |
| 651 | 0 | |a Egypt |x Religion. | |
| 700 | 1 | |a Husson, L. F. | |
| 700 | 1 | |a Rambova, Natacha. |9 38147 | |
| 830 | 0 | |a Egyptian religious texts and representations ; |v 1. | |
| 830 | 0 | |a Bollingen series ; |v 40/1. | |
| 901 | |a reviewed | ||
| 942 | |c BK |2 lcc | ||
